Statistiken für Die 10 längsten Achterbahnen Deutschlands

Klicken Sie hier um das Quiz zu spielen!

Allgemein

  • Dieses Quiz wurde 31 mal gespielt
  • Das Durchschnittsergebnis liegt bei 5 aus 10

Antwortstatistiken

PlatzAchterbahnLänge in m% Korrekt
1Silver Star1618,5
97%
3Taron1319,8
72%
2Colossos - Kampf der Giganten1343,9
66%
7Der Schwur des Kärnan1235,0
59%
6F.L.Y.1236,0
59%
8Expedition GeForce1220,0
55%
4Colorado Adventure1279,9
41%
9Crazy Bats1174,0
41%
10Bandit1099,1
34%
5Olympia Looping1250,0
7%

Verteilung der Resultate

Perzentil nach korrekt beantworteten Fragen

Anzahl Personen mit jedem Resultat

Ihre Resultats-Entwicklung

Sie haben dieses Quiz noch nicht gespielt